000
00481nam a2200181Ia 4500
008
100917s9999 xx 000 0 und d
082
_b
27382
100
_a
मंत्री रमेश
245
_a
महानगर
260
_b
के. वि. कोठावळे
_c
1976
300
_a
261
365
_b
20
520
_a
कादंबरी
630
_a
महानगर
650
_a
कादंबरी
730
_a
महानगर
942
_c
BOOK
999
_c
632776
_d
632773